00414nam a2200157Ia 450000500170000000800410001704100080005808200130006610000260007924500340010526000360013930000090017550000230018465000230020770000260023020230317115336.0230125s9999 xx 000 0 und d aeng a658bEST aEstes Clarissa Pnkola aWomen who run with the wolves c2000bRiders Publication London a540p aGeneral Management aGeneral Management aEstes Clarissa Pnkola